书目信息 |
| 题名: |
逻辑与语言研究
|
|
| 作者: | ;逻辑与语言研究会 编 | |
| 分册: | (1) | |
| 出版信息: | 北京 中国社会科学出版社 1980.12 |
|
| 页数: | 228页 | |
| 开本: | 19cm | |
| 丛书名: | ||
| 单 册: | ||
| 中图分类: | B81-05 | |
| 科图分类: | ||
| 主题词: | 逻辑--科学--关系 | |
| 电子资源: | ||
| ISBN: | ||
| 000 | 00665nam0 2200229 45 | |
| 001 | 0180005732 | |
| 005 | 20060815163504.25 | |
| 010 | @dCNY0.68 | |
| 091 | @a2190.021 | |
| 100 | @a19950523f19801983em y0chiy0121 ea | |
| 101 | 0 | @achi |
| 102 | @aCN@b110000 | |
| 105 | @ay z 000yy | |
| 200 | 10 | @a逻辑与语言研究@Aluo ji yu yu yan yan jiu@h(1)@f逻辑与语言研究会编@FLuo Ji Yu Yu Yan Yan Jiu Hui Bian |
| 210 | @a北京@c中国社会科学出版社@d1980.12 | |
| 215 | @a228页@d19cm | |
| 606 | 0 | @a逻辑@x科学@x关系 |
| 690 | @aB81-05@v3 | |
| 711 | 02 | @a逻辑与语言研究会@4编 |
| 801 | 2 | @aCN@bNLC@c20060815 |
| 801 | 0 | @aCN@b上海图书馆@c20040420 |
| 905 | @dB81-05@e14:1@f1@b41256 | |
| 逻辑与语言研究.(1)/逻辑与语言研究会编.-北京:中国社会科学出版社,1980.12 |
| 228页;19cm |
| ISBN :CNY0.68 |
| ● |
| 相关链接 |
|
|
|
|
正题名:逻辑与语言研究
索取号:B81-05/14:1
 
预约/预借
| 序号 | 登录号 | 条形码 | 馆藏地/架位号 | 状态 | 备注 |
| 1 | 0041255 | 000577049 | 密集书库/ [索取号:B81-05/14:1] | 在馆 | |
| 2 | 0041256 | 002042453 | 第一样本阅览室/ [索取号:B81-05/14:1] | 在馆 | |
| 3 | 0041258 | 001744429 | 密集书库/ [索取号:B81-05/14:1] | 在馆 | |
| 4 | 0041259 | 000577058 | 密集书库/ [索取号:B81-05/14:1] | 在馆 | |
| 5 | 0460364 | 204603642 | 密集书库/ [索取号:B81-05/14:1] | 在馆 |